Belgium in Eurovision (1956-2025) - Statistics

General Stats
  • This quiz has been taken 15 times
  • The average score is 26 of 68
Answer Stats
Year Song title Result % Correct
2023 Because of You 7
88%
2024 Before the Party's Over 13 (SF)
88%
2017 City Lights 4
88%
2022 Miss You 19
88%
2020 Release Me N/A
88%
2016 What's the Pressure 10
88%
2018 A Matter of Time 12 (SF)
75%
1986 J'aime la vie 1
75%
2013 Love Kills 12
75%
2010 Me and My Guitar 6
75%
2014 Mother 14 (SF)
75%
2015 Rhythm Inside 4
75%
2025 Strobe Lights 14 (SF)
75%
2021 The Wrong Place 19
75%
2019 Wake Up 13 (SF)
75%
2006 Je t'adore 12 (SF)
63%
2007 LovePower 26 (SF)
63%
2008 O Julissi 17 (SF)
63%
2003 Sanomi 2
63%
2002 Sister 13
63%
2011 With Love Baby 11 (SF)
63%
2012 Would You? 17 (SF)
63%
2004 1 Life 22
50%
2009 Copycat 17 (SF)
50%
1973 Baby Baby 17
38%
2000 Envie de vivre 24
38%
1980 Euro-Vision 17
38%
1969 Jennifer Jennings 7
38%
2005 Le Grand Soir 22 (SF)
38%
1999 Like the Wind 12
38%
1958 Ma petite chatte 5
38%
1981 Samson 13
38%
1987 Soldiers of Love 11
38%
1963 Waarom? 10
38%
1998 Dis oui 6
25%
1989 Door de wind 19
25%
1991 Geef het op 16
25%
1979 Hey Nana 18
25%
1959 Hou toch van mij 6
25%
1967 Ik heb zorgen 7
25%
1995 La voix est libre 20
25%
1996 Liefde is een kaartspel 16
25%
1990 Macédomienne 12
25%
1957 Straatdeuntje 8
25%
1962 Ton nom 13
25%
1965 Als het weer lente is 15
13%
1977 A Million in One, Two, Three 7
13%
1974 Fleur de liberté 9
13%
1975 Gelukkig zijn 15
13%
1971 Goeie morgen, morgen 14
13%
1985 Laat me nu gaan 19
13%
1988 Laissez briller le soleil 18
13%
1978 L'amour ça fait chanter la vie 2
13%
1956 Le Plus Beau Jour de ma vie N/A
13%
1956 Messieurs les noyés de la Seine N/A
13%
1960 Mon amour pour toi 6
13%
1964 Près de ma rivière 10
13%
1983 Rendez-vous 18
13%
1961 September, gouden roos 15
13%
1966 Un peu de poivre, un peu de sel 4
13%
1972 À la folie ou pas du tout 17
0%
1984 Avanti la vie 5
0%
1993 Iemand als jij 25
0%
1976 Judy et Cie 8
0%
1992 Nous on veut des violons 20
0%
1968 Quand tu reviendras 7
0%
1982 Si tu aimes ma musique 4
0%
1970 Viens l'oublier 8
0%
No matching quizzes found
Score Distribution
Percent of People with Each Score
Percentile by Number Answered
Your Score History
You have not taken this quiz